Gintama characters Quiz Stats

 Plays Quiz not verified by Sporcle

Challenge
Share
Tweet
Embed
Score 0/34 Timer 05:00
0 Plays Today
% Correct
Kagura
97.3%
Gintoki Sakata
90.8%
Toshiro Hijikata
84%
Isao Kondo
82.7%
Kotaro Katsura
81.6%
Sogo Okita
80.2%
Shinpachi Shimura
78.9%
Tae Shimura
75.3%
Sadaharu
74.6%
Elizabeth
70.1%
Sagaru Yamazaki
66.7%
Shinsuke Takasugi
64.5%
Catherine
63.8%
Ms. Otose
62.5%
Kamui
56.2%
Tama
55.3%
Ayame Sarutobi
52.4%
% Correct
Taizo Hasegawa
48.8%
Tatsuma Sakamoto
46.3%
Tsukuyo
41.8%
Kyubei Yagyu
35.7%
Zenzo Hattori
32.6%
Katakuriko Matsudaira
28.3%
Prince Hata
27.9%
Bansai Kawakami
16.6%
Kamotaro Itou
12.4%
Ayumu Tojo
12.4%
Tsu Terakado
11.7%
Musashi
6.7%
Gengai Hiraga
6.7%
Kyoshiro
4.9%
Lake Toya
3.4%
Justin Doll
3.1%
Gorilla Editor
2.9%

You're not logged in!

Compare scores with friends on all Sporcle quizzes.
Join for Free
OR
Log In

You Might Also Like...

Show Comments

Extras

Created Apr 25, 2010ReportFavoriteNominate
Tags:character

Top Quizzes Today


Score Distribution

Your Account Isn't Verified!

In order to create a playlist on Sporcle, you need to verify the email address you used during registration. Go to your Sporcle Settings to finish the process.

Report this User

Report this user for behavior that violates our Community Guidelines.

Details: